=LDR 00000nam 2200000 4500 =001 INLIS000000000009667 =005 20200224072635 =035 ##$$a 0010-061300000009667 =008 200224################g##########0#ind## =041 ##$$a Ind =082 ##$$a 172 =090 ##$$a 172, Sya e =100 ##$$a Syafiie, inu kencana =245 1#$$a Etika Pemerintahan /$c Syafiie, inu kencana =260 ##$$a Jakarta :$b Rineka cipta,$c 1994 =300 ##$$a X, 187 hlm ; $c 14,5 x 20, 5 cm =650 #4$$a Etika Politik =850 ##$$a NBPNMAT =020 ##$$a 979-518-555-1 =084 ##$$a 172 SYA e =250 ##$$a Cet. 1 =504 ##$$a Bibliografi : hlm. 181 - 187 =990 ##$$a 110. 969/ Pro- 97 =990 ##$$a 66. 603/Pro- 94-95 =990 ##$$a 66.604/Pro-94-95 =990 ##$$a 110.968/Pro- 97